000 01320nam0a2200337 4500
001 RU\NLR\BIBL_A\022629954
005 20260114102228.0
010 _a978-5-533-03381-7
_93000
021 _aRU
_bКН-П-25-048408
_9КН-П-25-4686
035 _a(NLR Aleph) 022629954
090 _a13513692
_c13513692
100 _a20250924d2025 u y0rusy50 ca
101 0 _arus
102 _aRU
105 _aa z 000ay
181 0 _ai
_baxxe
182 0 _an
200 1 _aФранцуз
_e[сборник]
_fЕ. А. Салиас
203 _aТекст
_bвизуальный
_cнепосредственный
210 _aМосква
_cРусское слово
_d2025
215 _a365, [2] с.
_cил.
_d22
225 1 _aШкольная историческая библиотека
327 1 _aСодерж.: Названец : исторический роман ; Пандурочка : исторический рассказ ; Француз : историческая повесть
333 _a12+
686 _aШ9(2)62=Р5-4
700 1 _aСалиас-де-Турнемир
_bЕ. А.
_f1840-1908
_gЕвгений Андреевич
_3RU\NLR\AUTH\7718544
942 _cBOOK
980 _aNB